| 000 | 01164nam a2200313 a 4500 | ||
|---|---|---|---|
| 001 | 000112965 | ||
| 003 | CHAP | ||
| 005 | 20220329144331.0 | ||
| 008 | 170301s2016 mx sm |||||||spa d | ||
| 010 | _a109426 | ||
| 011 | _a110398 | ||
| 040 | _cCHAP | ||
| 090 | _aTesis | ||
| 100 | 1 |
_aJiménez González, Nayeli _9131617 |
|
| 245 | 1 | 0 |
_aGestión territorial de áreas de uso común de la microcuencas de los Ríos Texcoco y Chapingo _h[En línea] _cpor Nayeli Jiménez González. |
| 260 |
_aChapingo, Méx. : _bEl autor, _c2016. |
||
| 500 | _aPara ver el contenido del material haga clic en la liga | ||
| 502 | _aTesis (Ing. en Recursos Naturales Renovables) -- UACH. Departamento de Suelos | ||
| 590 |
_aE11695DGD _b10 _c20170308 _lUCH01 _h1152 |
||
| 590 |
_aE5765TAJ _b05 _c20170301 _lUCH01 _h0910 |
||
| 590 |
_aE5765TAJ _b05 _c20170301 _lUCH01 _h0910 |
||
| 650 | 1 | 4 |
_aCuencas _xDesarrollo sustentable. _9131620 |
| 650 | 1 | 4 |
_aCuencas _xRecursos naturales _zTexcoco. _9131619 |
| 650 | 1 | 4 |
_aPlaneación regional _zTexcoco. _9131618 |
| 856 |
_aFinding aid _uhttp://10.13.5.2/tesis/sist112965.pdf _zTeclea aquí |
||
| 901 | _aBK | ||
| 942 | _cTESIS | ||
| 942 | _n0 | ||
| 999 |
_c109426 _d109426 |
||